000 01135nam a22003011u 4500
001 03411
003 HDC
007 cr bn ---
008 210109p2013 my fo d 00 g
040 _aHDC
100 _aSHAH RIZAL ZAMBAHARI
_eauthor
_92749
245 0 _aASSESSING THE ROLE OF RELIGIOSITY ON THE BEHAVIORAL INTENTION TO BUY ISLAMIC INSURANCE
_cby SHAH RIZAL ZAMBAHARI ANIZAH, ZAINUDDIN, SHAHIRAH ARIFFIN & HASMAN ABD MANAN
260 _aMalaysia:
_bUiTM Malaysia,
_c2013
336 _atext
_2rdacontent
337 _acomputer
_2rdamedia
338 _aonline resource
_2rdacarrier
500 _aIncludes bibliograpgical references and index
650 _aHalal food industry
_9128
650 _aHalal food
_950
650 _aLife policies
_92750
700 _aANIZAH ZAINUDDIN
_eauthor
_9323
700 _aHASMAN ABD MANAN
_eauthor
_92752
700 _aSHAHIRAH ARIFFIN
_eauthor
_92751
856 _zRequest full-text at [email protected]
942 _2lcc
942 _cTHE
942 _kTHES 000092
999 _c797
_d797